Katakan tidak pada cinta

Bibliographic Details
Main Author: Nurrul Shuada
Format: Book
Published: Selangor : Penulisan Enterprise , 2016
Subjects:

MARC

LEADER 00000cam a2200000 7i4500
001 0000075606
005 20170927.0
008 170927
020 |a 9789670992327 
041 0 |a Malay 
090 0 0 |a NUR   |b MAL 
100 0 |a Nurrul Shuada 
245 1 0 |a Katakan tidak pada cinta   |c Nurrul Shuada 
260 |a Selangor :   |b Penulisan Enterprise ,   |c 2016 
300 |a 649 p. ; ;   |c 18.4 cm. 
541 0 0 |c Purchased on 2017 
650 0 |a Malay fiction 
999 |a 0001476435   |b Book   |c Adult Collection   |e Cawangan Urban Transformation Centre 
999 |a 0001476436   |b Book   |c Adult Collection   |e Perbadanan Perpustakaan Awam Johor 
999 |a 0001476822   |b Book   |c Adult Collection   |e Cawangan Tmn. Ungku Tun Aminah 
999 |a 0001476823   |b Book   |c Adult Collection   |e Cawangan Tangkak 
999 |a 0001476824   |b Book   |c Adult Collection   |e Cawangan Bukit Gambir 
999 |a 0001476825   |b Book   |c Adult Collection   |e Cawangan Batu Pahat 
999 |a 0001476826   |b Book   |c Adult Collection   |e Cawangan Taman Universiti 
999 |a 0001476827   |b Book   |c Adult Collection   |e Cawangan Muar 
999 |a 0001476828   |b Book   |c Adult Collection   |e Cawangan Sri Merlong 
999 |a 0001476829   |b Book   |c Adult Collection   |e Cawangan Bandar Penawar 
999 |a 0001476830   |b Book   |c Adult Collection   |e Cawangan Taman Sri Lambak 
999 |a 0001476831   |b Book   |c Adult Collection   |e Cawangan Kota Tinggi 
999 |a 0001476832   |b Book   |c Adult Collection   |e Cawangan Segamat 
999 |a 0001476833   |b Book   |c Adult Collection   |e Cawangan Mersing 
999 |a 0001476834   |b Book   |c Adult Collection   |e Cawangan Bandar Tenggara